Statistics for 1960's Band Names: Picture Clues

Click here to take the quiz!

General Stats

  • This quiz has been taken 148 times
  • The average score is 8 of 20

Answer Stats

Answer% Correct
The Turtles
85%
Cream
70%
The Zombies
53%
Traffic
53%
The Crystals
49%
The Honeycombs
48%
The Tornados
48%
Marmalade
46%
The Cookies
45%
The Shadows
42%
Flowerpot Men
38%
The Monks
37%
The Crickets
31%
The Herd
31%
The Essex
18%
Stone Poneys
15%
Nirvana
14%
Love
13%
The Chiffons
8%
The Merseys or The Merseybeats
8%

Score Distribution

Percentile by Number Answered

Percent of People with Each Score

Your Score History

You have not taken this quiz